Silas, the chore boy, (Record no. 17844)

MARC details
000 -LEADER
fixed length control field 00768cam a22002291 4500
001 - CONTROL NUMBER
control field ca 35000546
003 - CONTROL NUMBER IDENTIFIER
control field DLC
005 - DATE AND TIME OF LATEST TRANSACTION
control field 20260227111138.0
008 - FIXED-LENGTH DATA ELEMENTS--GENERAL INFORMATION
fixed length control field 790106s1935 xx 000 0 eng
010 ## - LIBRARY OF CONGRESS CONTROL NUMBER
LC control number ca 35000546
035 ## - SYSTEM CONTROL NUMBER
System control number (OCoLC)4528172
040 ## - CATALOGING SOURCE
Original cataloging agency DLC
Transcribing agency OCl
Modifying agency DLC
042 ## - AUTHENTICATION CODE
Authentication code premarc
050 00 - LIBRARY OF CONGRESS CALL NUMBER
Classification number PS3503.E7169
Item number S5 1935
082 ## - DEWEY DECIMAL CLASSIFICATION NUMBER
Classification number 812.5
100 1# - MAIN ENTRY--PERSONAL NAME
Personal name Bernard, Frank H.
245 10 - TITLE STATEMENT
Title Silas, the chore boy,
Remainder of title a romance of New England, in three acts,
Statement of responsibility, etc. by Frank H. Bernard, as arranged for production at the Millbrook theatre, Millbrook, N.Y., by Edward Massey.
260 ## - PUBLICATION, DISTRIBUTION, ETC.
Place of publication, distribution, etc. Boston,
Name of publisher, distributor, etc. Walter H. Baker company
Date of publication, distribution, etc. [c1935]
300 ## - PHYSICAL DESCRIPTION
Extent 3 p. l., 5-102 p.
Other physical details plates, diagrs.
Dimensions 20 cm.
490 0# - SERIES STATEMENT
Series statement Baker's professional plays
700 1# - ADDED ENTRY--PERSONAL NAME
Personal name Massey, Edward.

No items available.

Powered by Koha